LIBRARY & INFORMATION CENTRE, KCAET, TAVANUR

ONLINE PUBLIC ACCESS CATALOGUE (OPAC)

Development process protocol for extraction of pectin from different fruit peel (Record no. 16322)

MARC details
000 -LEADER
fixed length control field 00432nam a22001337a 4500
003 - CONTROL NUMBER IDENTIFIER
control field OSt
082 ## - DEWEY DECIMAL CLASSIFICATION NUMBER
Classification number 664
Item number ATH/DE
100 ## - MAIN ENTRY--AUTHOR NAME
Personal name Athira, V. B
-- Greeshma, P. R
-- Reshma, M
-- Silpa, A. s
245 ## - TITLE STATEMENT
Title Development process protocol for extraction of pectin from different fruit peel
260 ## - PUBLICATION, DISTRIBUTION, ETC. (IMPRINT)
Place of publication Tavanur
Name of publisher Department of Processing and Food Engineering
Year of publication 2019
700 ## - ADDED ENTRY--PERSONAL NAME
Personal name Sreeja, R
700 ## - ADDED ENTRY--PERSONAL NAME
Personal name Riju, M. C
942 ## - ADDED ENTRY ELEMENTS (KOHA)
Koha item type Project Report
Holdings
Collection code Home library Current library Shelving location Full call number Accession Number Koha item type
General Books KAUAET KAUAET Reference 664 ATH/DE P 483 Project Report
free website counter